<A> sample reuse method for accurate parametric empirical Bayes confidence intervals.

Popis metódy opakovaného použitia vzoriek a jej porovnanie s doposiaľ používanými metódami. Potvrdenie presnosti výsledkov teoretickými analýzami a simuláciami.

Salvato in:
Dettagli Bibliografici
Autore principale: Carlin, B.P
Altri autori: Gelfand, A.E
Natura: Capitolo di libro
Lingua:inglese
Soggetti:
Tags: Aggiungi Tag
Nessun Tag, puoi essere il primo ad aggiungerne!!

MARC

LEADER 00000naa a2200000 4500
001 r007286
005 20221213085128.5
041 0 |a eng 
044 |a GB 
245 1 0 |a <A> sample reuse method for accurate parametric empirical Bayes confidence intervals.  |c B.P. Carlin, A.E. Gelfand 
520 |a Popis metódy opakovaného použitia vzoriek a jej porovnanie s doposiaľ používanými metódami. Potvrdenie presnosti výsledkov teoretickými analýzami a simuláciami. 
610 2 0 |a metódy matematicko-štatistické 
610 2 0 |a matematika 
610 2 0 |a simulácia 
100 1 |a Carlin, B.P. 
700 1 |a Gelfand, A.E.